| 000 | 01321nam a22002177a 4500 | ||
|---|---|---|---|
| 999 |
_c57126 _d57126 |
||
| 003 | Ge_BSU | ||
| 005 | 20191122115848.0 | ||
| 008 | 191122s2004 ge ||||| |||| 00| 0 geo d | ||
| 020 | _a9992808047 | ||
| 041 | _ageo | ||
| 080 | _a342.7 კ-77 | ||
| 100 |
_aკორკელია, კონსტანტინე _9539 |
||
| 245 |
_aადამიანის უფლებათა ევროპული კონვენციის გამოყენება საქართველოში / _cკონსტანტინე კორკელია ; გარეკ.დიზაინ. გოგა დავითიანი. |
||
| 264 |
_aთბილისი, _c2004. |
||
| 300 |
_a404გვ. ; _c23 სმ. |
||
| 500 | _aგარეკანზე გამოსახულია ადამიანის უფლებათა ევროპული სასამართლო(ქ.სტრასბურგი).გამოცემა დაფინანსებულია ევროსაბჭოს მიერ. | ||
| 520 | _aრეზ. ინგლ. ენ. | ||
| 653 | _aსამართალი | ||
| 700 |
_aდავითიანი, გოგა _eგარეკანის დიზაინერი _95523 |
||
| 942 |
_2udc _cBK |
||